000 00934nam a22002297a 4500
999 _c17674
_d17674
003 AR-CdUCM
008 190509b ||||| |||| 00| 0 spa d
040 _aMUNICIPALIDAD PROVINCIAL DEL CUSCO
_cBIBLIOTECA MUNICIPAL DEL CUSCO
041 _heng
082 _a338.763 /
_bJ34
100 _aJeffrey B., A. G.
_937812
245 _aContabilidad agropecuaria /
260 _aZaragoza :
_bAcribia,
_c1964.
300 _aVIII, 144 páginas ;
_bcuadros,
_c20 cm.
505 _aContenido: Fines y métodos de análisis de la contabilidad -- Teneduría de libros -- La forma de presentar las cuentas -- Preparación de las cuentas para el análisis -- Cálculo de medidas de la productividad ...
650 _aIndustria agropecuaria
_94705
650 _aEmpresas agropecuarias
_937813
650 _aContabilidad
_910543
700 _aFernández Gonzáles, Elías (traducción)
_937814
942 _2ddc
_cLIBROS
945 _aachl
_d2019-05-09